airplanes (concorde) - Statistics

General Stats
  • This quiz has been taken 35 times
  • The average score is 3 of 12
Answer Stats
Hint Answer % Correct
Does the concorde have an APU (answer in yes or no) no
86%
how many landing gears are there in a concorde 4
66%
how many concordes were built totally 13
41%
The wings of the Concorde where called :- Delta wings
41%
Boeing invented an airplane like the concorde but it failed. What is the aircraft? Boeing 2707
34%
The concorde flew for which other airline other than air france and british airways Singapore airlines
34%
what are the devices which inject more fuel into the engines of the concorde after burners
28%
what famous call do the pilots of the concorde tell before takeoff 3,2,1 Go
3%
Which company invented the concorde National Aerospace Limited
3%
the seats of the airplane were built on what Rollers
3%
how much time does a concorde take to fly from new york to london 3hr 30mins
0%
what was the highest speed recorded by the concorde (answer in mach)example Mach3 Mach 2.46
0%
No matching quizzes found
Score Distribution
Percent of People with Each Score
Percentile by Number Answered
Your Score History
You have not taken this quiz